000 00419nam a2200157Ia 4500
008 191130s2008##################000#0#eng##
020 _a9781846967245
040 _aACL
_cACL
082 _a912 HOE
100 _aHoe, Susan
245 _aWhere things come from
_cSusan Hoe
260 _aTunbridge Wells
_bTicktock
_c2008
500 _aIncludes index
990 _ac702d9d7ac10000c54b9fee8bc25ef06
999 _c237684
_d237684